| 000 | 00788nam a22002057a 4500 | ||
|---|---|---|---|
| 999 |
_c2435 _d2435 |
||
| 003 | AR-CdUCM | ||
| 008 | 190304b ||||| |||| 00| 0 spa d | ||
| 040 |
_aMUNICIPALIDAD PROVINCIAL DEL CUSCO _cBIBLIOTECA MUNICIPAL DEL CUSCO |
||
| 082 |
_a983.61 / _bT72 |
||
| 100 |
_ade la Torre Dueñas, Hernán ; de la Torre, Mayorga Fructuosa _98739 |
||
| 245 | _aGeografia e Historia de la Convencion | ||
| 260 |
_aPerú : _bCumbre , _c2004. |
||
| 300 |
_a50 páginas ; _c21 cm. |
||
| 505 | _aContenido: La Convencion -- Quillabamba -- Geografia e Historia de la Convencio -- La selva Peruana -- Geografia Peruana de la Selva... | ||
| 650 |
_aLa Convencion _98740 |
||
| 650 |
_aGeografia e Historia _98741 |
||
| 650 |
_aGeografia Peruana _95430 |
||
| 942 |
_2ddc _cLIBROS |
||
| 945 |
_artm _d2019-03-04 |
||